Statystyki dla Warstwy Ziemi i atmosfery na schemacie

Kliknij tutaj aby rozwiązać quiz!

Ogólne statystyki

  • Ten quiz został rozwiązany 2 753 razy
  • Średni wynik to 4 z 9

Odpowiedzi na mapie

Odpowiedzi skodowane kolorowo w zielono-czerwonej skali na mapie do tego quizu, zgodnie z poniższymi procentami.
 

Statystyki odpowiedzi

Warstwa% Poprawnych
Skorupa
69%
Stratosfera
65%
Mezosfera
44%
Płaszcz
44%
Jądro wewnętrzne
38%
Jądro zewnętrzne
38%
Egzosfera
36%
Troposfera
35%
Termosfera
27%

Rozkład punktacji

Percentyl według liczby udzielonych odpowiedzi

Procent ludzi z każdym wynikiem

Twoja historia wyników

Nie rozwiązałeś tego quizu